000 00703nam a2200193 i 4500
001 187832
003 SpMaBN
005 20240516063110.0
008 180312n1925 gw |||| | eng d
100 0 _aWells, H. G.,
_d1866-1946
_9116458
245 1 4 _aThe secret places of the heart /
_cby H.G. Wells.
250 _aCopyright ed.
260 _aLeipzig :
_bBernhard Tauchnitz,
_c1925.
300 _a264 p. ;
_c17 cm.
490 1 _aCollection of British and American authors ;
_v4699
830 0 _aCollection of British and American authors ;
_v4699
_9192841
852 _aES-MaACL
_jL-31896
_z. - Donat. herederos de la bibl. de Mª del Pilar Costa Palacín
999 _c187832
_d187832